000
00291nam a22001217a 4500
008
181030b xxu||||| |||| 00| 0 eng d
041
_a
eng
080
_2
5th
_a
030
100
_a
23
101
_a
ENC
245
_a
The new Webster's International Encyclopedia
_c
Harkavy,M.D
942
_2
udc
_c
BK
999
_c
51066
_d
51066